Every Manchester United Goal Scorer in the 2017/18 Premier League - Statistics

General Stats
  • This quiz has been taken 26 times
  • The average score is 57 of 67
Answer Stats
Game Scorer % Correct
West Ham United (H) Martial
100%
Swansea City (A) Martial
100%
Everton (H) Martial
100%
Tottenham Hotspur (H) Martial
100%
Newcastle United (H) Martial
100%
Watford (A) Martial
100%
Everton (A) Martial
100%
Stoke City (H) Martial
100%
Burnley (A) Martial
100%
Leicester City (H) Rashford
100%
Stoke City (A) Rashford
100%
Huddersfield Town (A) Rashford
100%
Manchester City (H) Rashford
100%
Liverpool (H) Rashford
100%
Liverpool (H) Rashford
100%
Watford (H) Rashford
100%
West Ham United (H) Pogba
96%
Swansea City (A) Pogba
96%
Newcastle United (H) Pogba
96%
Manchester City (A) Pogba
96%
Manchester City (A) Pogba
96%
Arsenal (H) Pogba
96%
Watford (A) Lingard
87%
Arsenal (A) Lingard
87%
Arsenal (A) Lingard
87%
West Bromwich Albion (A) Lingard
87%
Burnley (H) Lingard
87%
Burnley (H) Lingard
87%
Everton (A) Lingard
87%
Chelsea (H) Lingard
87%
Newcastle United (H) Smalling
87%
Crystal Palace (A) Smalling
87%
Manchester City (A) Smalling
87%
Bournemouth (A) Smalling
87%
West Ham United (H) Lukaku
83%
West Ham United (H) Lukaku
83%
Swansea City (A) Lukaku
83%
Stoke City (A) Lukaku
83%
Everton (H) Lukaku
83%
Southampton (A) Lukaku
83%
Crystal Palace (H) Lukaku
83%
Newcastle United (H) Lukaku
83%
Bournemouth (H) Lukaku
83%
West Bromwich Albion (A) Lukaku
83%
Stoke City (H) Lukaku
83%
Huddersfield Town (H) Lukaku
83%
Chelsea (H) Lukaku
83%
Crystal Palace (A) Lukaku
83%
Swansea City (H) Lukaku
83%
Bournemouth (A) Lukaku
83%
Crystal Palace (H) Mata
74%
Leicester City (A) Mata
74%
Leicester City (A) Mata
74%
Crystal Palace (A) Matic
74%
Everton (H) Valencia
74%
Arsenal (A) Valencia
74%
Stoke City (H) Valencia
74%
Swansea City (A) Bailly
65%
Huddersfield Town (H) Sanchez
65%
Swansea City (H) Sanchez
65%
Watford (A) Young
61%
Watford (A) Young
61%
Leicester City (H) Fellaini
57%
Crystal Palace (H) Fellaini
57%
Crystal Palace (H) Fellaini
57%
Arsenal (H) Fellaini
57%
Everton (H) Mkhitaryan
52%
No matching quizzes found
Score Distribution
Percent of People with Each Score
Percentile by Number Answered
Your Score History
You have not taken this quiz